LIBRARY & INFORMATION CENTRE, KCAET, TAVANUR

ONLINE PUBLIC ACCESS CATALOGUE (OPAC)

Food processing operations analysis (Record no. 14844)

MARC details
000 -LEADER
fixed length control field 00323nam a22001337a 4500
020 ## - INTERNATIONAL STANDARD BOOK NUMBER
ISBN 8186299785
020 ## - INTERNATIONAL STANDARD BOOK NUMBER
ISBN 9788186299784
082 ## - DEWEY DECIMAL CLASSIFICATION NUMBER
Classification number 664.02
Item number DAS/FO
100 ## - MAIN ENTRY--AUTHOR NAME
Personal name Das, H
245 ## - TITLE STATEMENT
Title Food processing operations analysis
260 ## - PUBLICATION, DISTRIBUTION, ETC. (IMPRINT)
Place of publication New Delhi
Name of publisher Asian Book Private Limited
Year of publication 2005
300 ## - PHYSICAL DESCRIPTION
Number of Pages 406
942 ## - ADDED ENTRY ELEMENTS (KOHA)
Koha item type Books
Holdings
Withdrawn status Lost status Damaged status Collection code Home library Current library Shelving location Date acquired Source of acquisition Cost, normal purchase price Full call number Accession Number Koha item type
        KAUAET KAUAET General Stacks 30/03/2017 Neoti book Agency 850.00 664.02 DAS/FO 25281 Books
        KAUAET KAUAET General Stacks 30/03/2017 Neoti book Agency 850.00 664.02 DAS/FO 25282 Books
free website counter